Statystyki dla Porty z największym przeładunkiem kontenerów na rok

Kliknij tutaj aby rozwiązać quiz!

Ogólne statystyki

  • Ten quiz został rozwiązany 17 razy
  • Średni wynik to 3 z 10

Statystyki odpowiedzi

PrzeładunekMiasto% Poprawnych
43 500 000Szanghaj
94%
18 000 000Hongkong
65%
36 800 000
Singapur
59%
17 300 000Los Angeles
53%
23 200 000Pusan
24%
28 700 000Ningbo
18%
23 200 000Guangzhou
12%
26 500 000Shenzen
12%
18 400 000Tianjin
6%
22 000 000Quingdao
0%

Rozkład punktacji

Percentyl według liczby udzielonych odpowiedzi

Procent ludzi z każdym wynikiem

Twoja historia wyników

Nie rozwiązałeś tego quizu